<?xml version="1.0" encoding="UTF-8"?>
<record
    xmlns:xsi="http://www.w3.org/2001/XMLSchema-instance"
    xsi:schemaLocation="http://www.loc.gov/MARC21/slim http://www.loc.gov/standards/marcxml/schema/MARC21slim.xsd"
    xmlns="http://www.loc.gov/MARC21/slim">

  <leader>01170nam a22002295i 4500</leader>
  <controlfield tag="001">162971</controlfield>
  <controlfield tag="003">ES-MaACL</controlfield>
  <controlfield tag="005">20250929063237.0</controlfield>
  <controlfield tag="008">050706m18381841fr     | |||||||| ||fre d</controlfield>
  <datafield tag="040" ind1=" " ind2=" ">
    <subfield code="a">CAM </subfield>
    <subfield code="b">spa </subfield>
    <subfield code="c">CAM</subfield>
  </datafield>
  <datafield tag="100" ind1="1" ind2=" ">
    <subfield code="a">Raspail, Fran&#xE7;ois-Vincent, </subfield>
    <subfield code="d">1794-1878</subfield>
    <subfield code="9">131616</subfield>
  </datafield>
  <datafield tag="245" ind1="1" ind2="0">
    <subfield code="a">Cours d'agriculture et d'&#xE9;conomie rurale a l'usage des Ecoles primaires / </subfield>
    <subfield code="c">par F.-V. Raspail.</subfield>
  </datafield>
  <datafield tag="250" ind1=" " ind2=" ">
    <subfield code="a">2e &#xE9;d.</subfield>
  </datafield>
  <datafield tag="260" ind1=" " ind2=" ">
    <subfield code="a">Paris : </subfield>
    <subfield code="b">L. Hachette, </subfield>
    <subfield code="c">1838-1841 (</subfield>
    <subfield code="f">Imprimerie de L. Hachette)</subfield>
  </datafield>
  <datafield tag="300" ind1=" " ind2=" ">
    <subfield code="a">5 v. ; </subfield>
    <subfield code="c">14 cm.</subfield>
  </datafield>
  <datafield tag="505" ind1="8" ind2=" ">
    <subfield code="a">Contiene: I. Labourage (176 p.; [3] h. de l&#xE1;m. pleg.) - II. Jardinage (158 p.) - III. Arbres et arbustes (173 p., [1] h. de l&#xE1;m. pleg.) - V.  Economie rurale (228 p., [1] h. de l&#xE1;m. pleg.)</subfield>
  </datafield>
  <datafield tag="596" ind1=" " ind2=" ">
    <subfield code="a">En t.II el imp. es: Imprimerie d'Am&#xE9;d&#xE9;e Gratiot et c\pe\s; en el t.III y t.V es Imprimerie de J.-B. Gros.</subfield>
  </datafield>
  <datafield tag="596" ind1=" " ind2=" ">
    <subfield code="a">El t.I est&#xE1; fechado en 1838, el resto de los t. carece de fecha en el pie de imp. (fechas tomadas del Cat&#xE1;logo Colectivo de Francia)</subfield>
  </datafield>
  <datafield tag="650" ind1="0" ind2="7">
    <subfield code="a">Agricultura</subfield>
    <subfield code="2">embne</subfield>
    <subfield code="9">9670</subfield>
  </datafield>
  <datafield tag="852" ind1=" " ind2=" ">
    <subfield code="a">ES-MaACL</subfield>
    <subfield code="j">D-522-523(2) </subfield>
    <subfield code="z">-- Enc. pasta espa&#xF1;ola </subfield>
    <subfield code="z">-- 4 t. en 2 v.</subfield>
  </datafield>
  <datafield tag="999" ind1=" " ind2=" ">
    <subfield code="c">162971</subfield>
    <subfield code="d">162971</subfield>
  </datafield>
  <datafield tag="952" ind1=" " ind2=" ">
    <subfield code="0">0</subfield>
    <subfield code="1">0</subfield>
    <subfield code="4">0</subfield>
    <subfield code="7">0</subfield>
    <subfield code="8">LIBXIX</subfield>
    <subfield code="a">ATENEOM</subfield>
    <subfield code="b">ATENEOM</subfield>
    <subfield code="c">SVI</subfield>
    <subfield code="d">2008-01-17</subfield>
    <subfield code="e">SSC</subfield>
    <subfield code="l">0</subfield>
    <subfield code="o">D-522-523(2)</subfield>
    <subfield code="p">901170751</subfield>
    <subfield code="r">2023-02-23 00:00:00</subfield>
    <subfield code="w">2023-02-23</subfield>
    <subfield code="y">MONANT</subfield>
  </datafield>
</record>
